| 000 | 00379nam a2200145Ia 4500 | ||
|---|---|---|---|
| 008 | 240624s9999 xx 000 0 und d | ||
| 041 | _aeng | ||
| 082 | _a519.5 BOW | ||
| 100 | _aBOWERMAN BRUCE L | ||
| 245 | _aBUSINESS STATISTICS IN PRACTICE | ||
| 250 | _a(7th ed.) | ||
| 260 |
_c2014 _aNew Delhi _bTata McGraw-Hill |
||
| 300 | _axxiii, : 823 : p. : cm. ; 28 | ||
| 365 |
_cRS _b27 |
||
| 999 |
_c21970 _d21970 |
||